000 00860nam a2200229 a 4500
001 000240629
003 AM-YeHGA
005 20250618071620.0
008 030627s1949 ai a||||r|||||||||1|arm|d
040 _aAM-YeHGA
041 0 _aarm
100 1 _aԿարապետյան, Բաբկեն Կարապետի,
_d1911-1994
_91837
245 1 0 _aԳարնանային նվագներ :
_b[Բանաստեղծ.] /
_cԲաբկեն Կարապետյան ; Խմբ․՝ Ա․ Վշտունի․
260 _aԵրևան :
_bՀայպետհրատ,
_c1949.
300 _a128 էջ :
_bնկ. ;
_c21 սմ.
650 1 4 _aՀայ գրականություն
650 1 4 _aՊոեզիա
700 1 _aՎշտունի, Ա․
_eխմբ․
_4edt
856 4 1 _uhttps://arar.sci.am/dlibra/publication/401642/edition/371687/content
_yԿարդալ առցանց
942 _2udc
_cBK
090 _c86508
999 _c85229
_d85229